000 00364pab a2200145 454500
008 180718b2006 xxu||||| |||| 00| 0 eng d
100 _aKasturi, Poonam Bir et al
245 _aDESI: story of many threads
260 _c2006
300 _ap.3369-371
362 _a5 Aug
650 _aTextile industry
773 _aEconomic and Political Weekly
909 _a70749
999 _c70749
_d70749